Flora i fauna del Parc Natural del Montseny / Toni Llobet i François
ISBN:
978-84-96905-44-3
Descripción Física:
117 p. : principalment il. col. ; 19 cm
Colección:
Guies il·lustrades de natura
Otros Autores:
Girona. Diputació
MARC
| LEADER | 00000nam a2200000Ia 4500 | ||
|---|---|---|---|
| 001 | 22659 | ||
| 008 | 160829s2010 xx 000 0 cat d | ||
| 020 | |a 978-84-96905-44-3 | ||
| 080 | |a C-3-300 | ||
| 100 | |a Llobet, Toni |9 44938 | ||
| 245 | |a Flora i fauna del Parc Natural del Montseny / Toni Llobet i François | ||
| 250 | |a 2a ed. | ||
| 260 | |a [Figueres] : |b Brau, |c 2010 | ||
| 300 | |a 117 p. : |b principalment il. col. ; |c 19 cm | ||
| 490 | |a Guies il·lustrades de natura | ||
| 590 | |a Amb la col·laboració de: Diputació de Barcelona, Diputació de Girona | ||
| 650 | 0 | |a Fauna |z Parc Natural del Montseny (Catalunya) |9 56390 | |
| 650 | 0 | |a Flora |z Parc Natural del Montseny (Catalunya) |9 40967 | |
| 700 | |a Girona. Diputació | ||
| 710 | 1 | |a Barcelona (Catalunya : Província). |b Diputació |9 52408 | |
| 901 | |a Arxiu | ||
| 942 | |n 1 | ||
| 952 | |0 0 |1 0 |4 0 |6 C3300 |7 1 |9 52260 |a Arxiu |b Arxiu |d 2016-12-01 |l 0 |o C-3-300 |p 22659 |r 2016-12-01 00:00:00 |w 2016-12-01 |y ARXIU | ||
| 999 | |c 56108 |d 56108 | ||